Tilastot visalle Rallin MM: pistetaulukko 2022 - top 15

Klikkaa tästä pelataksesi tätä visaa!

Yleistilastot

  • Tätä visaa on pelattu 34 kertaa
  • Keskiarvotulos 10 / 15

Vastaustilastot

PisteetKuljettajaMaa% Oikein
255Kalle
Rovanperä
Suomi
100%
205Ott
Tänak
Viro
96%
58Esapekka
Lappi
Suomi
92%
134Elfyn
Evans
Iso-Britannia
80%
97Sébastien
Ogier
Ranska
80%
193Thierry
Neuville
Belgia
76%
84Craig
Breen
Irlanti
68%
35Sébastien
Loeb
Ranska
64%
122Takamoto
Katsuta
Japani
64%
33Oliver
Solberg
Ruotsi
60%
59Dani
Sordo
Espanja
56%
25Anders
Mikkelsen
Norja
52%
16Emil
Lindholm
Suomi
52%
31Pierre-Louis
Loubet
Ranska
52%
44Gus
Greensmith
Iso-Britannia
48%

Tulosjakauma

Persentiili vastausten määrän mukaan

Jokaisen tuloksen saaneiden osuus

Tuloshistoriasi

Et ole pelannut tätä visaa